Дело о помещении учащихся в средних учебных заведениях на казенный счет

Доступно только в Электронных читальных залах Найти на картеНа карте
RUSMARC
00003759nmc2a22000003x 450
001534f402f-96a1-45b5-8ce9-66546182082a
00520200217194029.0
100##$a20180904l19051909k l0rusy0189 ca
1010#$arus
102##$aRU
2001#$aДело о помещении учащихся в средних учебных заведениях на казенный счет
$j2 мая 1905 г. - 21 сентября 1909 г.
$hЧасть 2
251##$cДело
300##$aДело
801#0$aRU
$bРГИА
$c20180904
$gRCR
801#1$aRU
$bГлавНИВЦ
$c20180904
$2rusmarc
801#2$aRU
$bПБ им. Б.Н. Ельцина
$c20200217
$gRCR
$2rusmarc
850##$aРГИА
852##$aРГИА
$eФедеральное казенное учреждение "Российский государственный исторический архив" (РГИА)
$j722
937##$hРГИА
$d12233510
$aASBIBLIO_SCAN
462#0$10011f1c399a-14ed-42fa-9eb1-1d2a6a2e794b
$12001
$aДела разряда средних учебных заведений Департамента народного просвещения за 1898-1906 гг
$1251
$cОпись
$1852
$j166
461#0$1001a74412a3-3cc5-4d21-8f0a-dfe2fbd9e72d
$12001
$aДепартамент народного просвещения Министерства народного просвещения (1803-1917)
$1251
$cФонд
$1852
$j733
215##$a268 л.
$d36,5х26 см
371##$aДокумент не является опубликованным и широко распространяемым
105##$ay###
1222#$ad
035##$a534f402f-96a1-45b5-8ce9-66546182082a
856##$uhttp://readingroom.main.prlib.ru/item.aspx?id_node=n140229501&mode=full
Формат отображения